00670nam a2200193Ia 4500952014300000999001700143003000400160005001700164008004100181020001800222040000900240082002200249100003000271245007200301260003200373300000800405650001300413942005000426 00102ddc40708SSaMESbMEScMALd2019-02-20g40.00l1o894.812301 PAN/Tp29894r2025-02-05 12:03:40s2025-01-29w2019-02-20yBKzGR30R3 c28628d28628OSt20210106093315.0190216s9999||||xx |||||||||||||| ||und|| a9788126411870 coclc a894.812301bPAN/T aPanachippuram, Jose98166 0aThiruvallakkum Chengannoorinum Edayil Evideyo /cJose Panachippuram bDc Books,aKottayam:c2006. a76p aKathakal cBK2ddch894.812301iPAN/Tk894.812301mPAN/T